000 00647npc a2200217Ia 4500
001 dd2-749 [d000000666]
003 IT-MiCISF
008 161014s9999||||xx | und||
040 _aIT-MiCISF
_cIT-MiCISF
041 _aen
100 _aJoint Working Group
240 _aConsultation on Mixed Marriages
245 0 _aConsultation on Mixed Marriages
250 _a1a ed.
260 _a Geneva
_bJohn Knox Centre
_c1989
300 _ap. 18
500 _a / matrimonio-misto, religioni-non-cattoliche, pastorale-prematrimoniale, liturgia, chiesa, comparazione /
650 _amatrimonio
942 _cDD
957 _71
999 _a749
_bsi
_g1
_c208187
_d208187